[Event "IRL-ch 101st"]
[Site "Dublin"]
[Date "2022.07.02"]
[Round "1"]
[White "O'Gorman, Tom"]
[Black "Kennedy, John"]
[Result "1-0"]
[WhiteElo "2401"]
[BlackElo "2047"]
[PlyCount "57"]
[EventDate "2022.07.02"]
[EventType "swiss"]
[EventRounds "9"]
[EventCountry "IRL"]
[SourceTitle "CBM 209 Extra"]
[Source "ChessBase"]
[SourceDate "2022.09.30"]
[SourceVersion "1"]
[SourceVersionDate "2022.09.30"]
[SourceQuality "1"]

1. d4 d5 2. c4 e6 3. Nc3 c5 4. cxd5 exd5 5. Nf3 Nc6 6. g3 Nf6 7. Bg2 Be7 8. 0-0 0-0 9. dxc5 Bxc5 10. Na4 Be7 11. Be3 Be6 12. Rc1 Qd7 13. Nc5 Bxc5 14. Bxc5 Rfe8 15. Re1 Bh3 16. Bh1 Ne4 17. Bd4 Re6 18. Be3 Rae8 19. Qa4 Rg6 20. Red1 Qd6 21. Qa3 Nxg3 22. hxg3 Rxg3+ 23. Kh2 Rg2+ 24. Kxh3 Qg6 25. Bxg2 Qh5+ 26. Kg3 Re4 27. Rd4 Qg4+ 28. Kh2 Nxd4 29. Nxd4 1-0

[Event "Bunratty Masters 27th"]
[Site "Bunratty"]
[Date "2020.02.21"]
[Round "1"]
[White "Kennedy, John"]
[Black "Fromm, Marius"]
[Result "0-1"]
[WhiteElo "2041"]
[BlackElo "2189"]
[PlyCount "76"]
[EventDate "2020.02.21"]
[EventType "swiss"]
[EventRounds "6"]
[EventCountry "IRL"]
[SourceTitle "EXT 2023"]
[Source "ChessBase"]
[SourceDate "2022.10.05"]
[SourceVersion "1"]
[SourceVersionDate "2022.10.05"]
[SourceQuality "1"]

1. Nf3 Nf6 2. g3 d5 3. Bg2 e6 4. 0-0 Be7 5. d4 0-0 6. c4 dxc4 7. Nc3 Nbd7 8. e4 a6 9. a4 Rb8 10. Bf4 Nh5 11. Be3 b5 12. axb5 axb5 13. d5 e5 14. Nd2 Nhf6 15. f4 Re8 16. f5 Bc5 17. Qf3 Qe7 18. Nd1 Bb7 19. g4 h6 20. h4 Nh7 21. Qg3 c6 22. dxc6 Bxc6 23. Kh1 f6 24. Rg1 Red8 25. Nf2 Bxe3 26. Qxe3 Nc5 27. Nf3 Nd3 28. Nh3 Nxb2 29. g5 hxg5 30. hxg5 Nxg5 31. Nhxg5 fxg5 32. Nxg5 Rd3 33. Qc1 Rd6 34. Bh3 Nd3 35. Qe3 Nf4 36. Ra7 Bb7 37. Qc5 Nxh3 38. Nxh3 Bxe4+ 0-1

[Event "IRL-ch"]
[Site "Dublin"]
[Date "2019.08.10"]
[Round "8"]
[White "Moran, Darragh"]
[Black "Kennedy, John"]
[Result "0-1"]
[WhiteElo "1847"]
[BlackElo "2050"]
[PlyCount "88"]
[EventDate "2019.08.03"]
[EventType "swiss"]
[EventRounds "9"]
[EventCountry "IRL"]
[SourceTitle "CBM 191 Extra"]
[Source "ChessBase"]
[SourceDate "2019.09.30"]
[SourceVersion "1"]
[SourceVersionDate "2019.09.30"]
[SourceQuality "1"]

1. d4 Nf6 2. c4 g6 3. Nc3 Bg7 4. e4 d6 5. Be2 0-0 6. Be3 Nbd7 7. Nf3 e5 8. 0-0 Re8 9. d5 Nc5 10. Nd2 a5 11. a3 a4 12. Bxc5 dxc5 13. Nxa4 b6 14. b4 Qe7 15. Qb3 Bh6 16. Rfd1 Bxd2 17. Rxd2 Nxe4 18. Rdd1 Qh4 19. g3 Qh6 20. Nc3 Nxf2 21. Kxf2 Qxh2+ 22. Ke1 Qxg3+ 23. Kd2 Bf5 24. Kc1 h5 25. Kb2 Qe3 26. Bf1 h4 27. Ne2 Qf2 28. Qc3 cxb4 29. axb4 Rxa1 30. Rxa1 Bg4 31. Qe1 Qf6 32. Ra7 e4+ 33. Nc3 e3 34. Rxc7 e2 35. Bg2 Re3 36. d6 Rxc3 37. c5 Rxc5+ 38. Kb3 Qc3+ 39. Qxc3 Rxc3+ 40. Rxc3 e1Q 41. Rd3 Be6+ 42. Bd5 h3 43. Bxe6 Qxe6+ 44. Kc3 Qd7 0-1

[Event "IRL-ch"]
[Site "Dublin"]
[Date "2018.08.08"]
[Round "5"]
[White "Kennedy, John"]
[Black "Melaugh, Gavin"]
[Result "1/2-1/2"]
[WhiteElo "2077"]
[BlackElo "2029"]
[PlyCount "85"]
[EventDate "2018.08.04"]
[EventType "swiss"]
[EventRounds "9"]
[EventCountry "IRL"]
[SourceTitle "CBM 185 Extra"]
[Source "ChessBase"]
[SourceDate "2018.07.29"]
[SourceVersion "1"]
[SourceVersionDate "2018.07.29"]
[SourceQuality "1"]

1. Nf3 d6 2. d4 f5 3. g3 Nf6 4. Bg2 e6 5. 0-0 Be7 6. Bg5 0-0 7. Bxf6 Bxf6 8. Re1 e5 9. c3 e4 10. Qb3+ Kh8 11. Nfd2 Qe8 12. e3 c6 13. c4 g5 14. f3 exf3 15. Nxf3 g4 16. Nfd2 Bxd4 17. Na3 Be5 18. Nc2 Qf7 19. Rab1 Nd7 20. Nd4 Nc5 21. Qc2 Ne6 22. N2b3 Qh5 23. Rf1 Ng7 24. Ne2 Bd7 25. Nf4 Qg5 26. Nc1 Rae8 27. Ncd3 Re7 28. Rbd1 Qf6 29. Qd2 Be6 30. Qb4 Bg8 31. Rfe1 Rfe8 32. Nxe5 dxe5 33. Nd3 Ne6 34. Qc3 Ng5 35. Rf1 Qe6 36. Nc5 Qg6 37. Rf2 Rf7 38. Rfd2 Qg7 39. Rd8 Rfe7 40. Nxb7 Rxd8 41. Nxd8 e4 42. Qxg7+ Rxg7 43. b3 1/2-1/2

[Event "IRL-ch"]
[Site "Dublin"]
[Date "2018.08.05"]
[Round "2"]
[White "Nemeth, Zalan"]
[Black "Kennedy, John"]
[Result "1/2-1/2"]
[WhiteElo "1876"]
[BlackElo "2077"]
[PlyCount "66"]
[EventDate "2018.08.04"]
[EventType "swiss"]
[EventRounds "9"]
[EventCountry "IRL"]
[SourceTitle "CBM 185 Extra"]
[Source "ChessBase"]
[SourceDate "2018.07.29"]
[SourceVersion "1"]
[SourceVersionDate "2018.07.29"]
[SourceQuality "1"]

1. c4 c5 2. g3 e6 3. Bg2 Nf6 4. Nc3 Nc6 5. Nf3 d5 6. cxd5 exd5 7. d4 Be7 8. 0-0 0-0 9. b3 cxd4 10. Nxd4 Re8 11. Bb2 Bg4 12. Re1 Qd7 13. Rc1 Rac8 14. a3 Nxd4 15. Qxd4 Bc5 16. Qf4 d4 17. Na4 b6 18. Nxc5 bxc5 19. b4 Rxe2 20. Rxe2 Bxe2 21. bxc5 d3 22. c6 Qd8 23. Qd2 Rc7 24. Be5 Rc8 25. c7 Qe7 26. Bxf6 gxf6 27. Bf1 Rxc7 28. Rxc7 Qxc7 29. Bxe2 dxe2 30. Qxe2 Qc1+ 31. Kg2 Qxa3 32. Qg4+ Kf8 33. Qc8+ Kg7 1/2-1/2

[Event "Bunratty Masters op 25th"]
[Site "Bunratty"]
[Date "2018.02.24"]
[Round "3"]
[White "Pein, Jonathan"]
[Black "Kennedy, John"]
[Result "1/2-1/2"]
[WhiteElo "2177"]
[BlackElo "2102"]
[PlyCount "69"]
[EventDate "2018.02.23"]
[EventType "swiss"]
[EventRounds "6"]
[EventCountry "IRL"]
[SourceTitle "CBM 183 Extra"]
[Source "ChessBase"]
[SourceDate "2018.04.19"]
[SourceVersion "1"]
[SourceVersionDate "2018.04.19"]
[SourceQuality "1"]

1. e4 c5 2. Nf3 d6 3. d3 g6 4. g3 Bg7 5. Bg2 Nc6 6. 0-0 e6 7. c3 Nge7 8. Re1 e5 9. a3 0-0 10. b4 a6 11. Nbd2 h6 12. Bb2 Bg4 13. Nc4 b5 14. Ne3 Be6 15. Qd2 cxb4 16. cxb4 f5 17. exf5 gxf5 18. Nc2 Rc8 19. Rac1 Qd7 20. Ba1 f4 21. d4 fxg3 22. hxg3 Bd5 23. Nh4 Bxg2 24. Kxg2 Nd5 25. Qd3 Rf4 26. Ng6 Rg4 27. dxe5 dxe5 28. Red1 Rd8 29. Ne3 Nxe3+ 30. Qxe3 Qb7 31. Nh4 Nd4+ 32. f3 Rg5 33. Rc5 Qf7 34. Rd2 Rf8 35. Bxd4 1/2-1/2

[Event "IRL-ch"]
[Site "Dublin"]
[Date "2015.07.10"]
[Round "7"]
[White "Kennedy, John"]
[Black "Daly, Colm"]
[Result "0-1"]
[WhiteElo "2074"]
[BlackElo "2319"]
[PlyCount "68"]
[EventDate "2015.07.04"]
[EventType "swiss"]
[EventRounds "9"]
[EventCountry "IRL"]
[SourceTitle "CBM 167 Extra"]
[Source "ChessBase"]
[SourceDate "2015.09.14"]
[SourceVersion "1"]
[SourceVersionDate "2015.09.14"]
[SourceQuality "1"]

1. Nf3 Nf6 2. g3 d5 3. Bg2 c6 4. 0-0 Bg4 5. d3 e6 6. Qe1 Be7 7. e4 0-0 8. h3 Bh5 9. g4 Bg6 10. Ne5 dxe4 11. Nxg6 hxg6 12. dxe4 e5 13. Be3 Nbd7 14. Nc3 Nh7 15. Rd1 Qc7 16. g5 Rad8 17. h4 Rfe8 18. Qe2 Nhf8 19. Bh3 a5 20. Kg2 Bd6 21. h5 Nc5 22. Rh1 Nce6 23. Qg4 Nf4+ 24. Bxf4 exf4 25. Qh4 Be5 26. Bg4 gxh5 27. Qxh5 g6 28. Qh4 Rxd1 29. Nxd1 Qd8 30. f3 Qd2+ 31. Nf2 Qxc2 32. Kh3 Rd8 33. Rh2 Rd2 34. Bc8 Qc4 0-1

[Event "IRL-ch"]
[Site "Dublin"]
[Date "2003.07.05"]
[Round "1"]
[White "Kennedy, John"]
[Black "Short, Philip M"]
[Result "0-1"]
[WhiteElo "2041"]
[BlackElo "2301"]
[PlyCount "82"]
[EventDate "2003.07.05"]
[EventType "swiss"]
[EventRounds "9"]
[EventCountry "IRL"]
[SourceTitle "CBM 095 Extra"]
[Source "ChessBase"]
[SourceDate "2003.09.04"]
[SourceVersion "1"]
[SourceVersionDate "2003.09.04"]
[SourceQuality "1"]

1. Nf3 d5 2. g3 Nf6 3. Bg2 e6 4. 0-0 Be7 5. d3 0-0 6. Nbd2 c5 7. e4 Nc6 8. e5 Nd7 9. Re1 f6 10. exf6 Nxf6 11. b3 Bd6 12. Bb2 Qc7 13. Qe2 Bd7 14. Ne5 Nxe5 15. Bxe5 Rad8 16. f4 b5 17. c4 bxc4 18. bxc4 Kh8 19. g4 Bxe5 20. fxe5 Ng8 21. Rf1 Ne7 22. cxd5 exd5 23. Rxf8+ Rxf8 24. e6 Bc8 25. g5 Ng6 26. Re1 Nf4 27. Qe5 Qxe5 28. Rxe5 Bxe6 29. Nb3 c4 30. dxc4 dxc4 31. Nd4 Bg8 32. Bf1 Rc8 33. Re4 Ng6 34. Nc2 c3 35. a4 Bb3 36. Bd3 Rd8 37. Nd4 Bd5 38. Rg4 Ne5 39. Rg3 Bg8 40. Be2 Rxd4 41. Rxc3 Nc4 0-1

[Event "BCF-ch 88th"]
[Site "Scarborough"]
[Date "2001.08.04"]
[Round "6"]
[White "Kennedy, John"]
[Black "Anderson, John"]
[Result "0-1"]
[WhiteElo "2042"]
[BlackElo "2161"]
[PlyCount "74"]
[EventDate "2001.07.30"]
[EventType "swiss"]
[EventRounds "11"]
[EventCountry "ENG"]
[SourceTitle "CBM 083 Extra"]
[Source "ChessBase"]
[SourceDate "2001.09.11"]
[SourceVersion "1"]
[SourceVersionDate "2001.09.11"]
[SourceQuality "1"]

1. Nf3 Nf6 2. g3 g6 3. Bg2 Bg7 4. 0-0 0-0 5. d3 d5 6. Nbd2 c5 7. e4 Nc6 8. c3 e5 9. Qc2 h6 10. Re1 Re8 11. a3 dxe4 12. dxe4 Be6 13. Bf1 Qc7 14. Rb1 Rac8 15. b4 Nd7 16. b5 Nd8 17. Nc4 Bxc4 18. Bxc4 Ne6 19. a4 Nd4 20. Qd3 Nxf3+ 21. Qxf3 Nb6 22. Bf1 Nxa4 23. Ra1 Nb6 24. Rxa7 Ra8 25. Ra3 Rxa3 26. Bxa3 Ra8 27. c4 Nd7 28. Qe3 b6 29. Bh3 Nf8 30. Ra1 Qd6 31. Qe2 Qd4 32. Rd1 Qc3 33. Bb2 Qb3 34. Rc1 Ra2 35. Rc2 h5 36. Rd2 Bh6 37. f4 exf4 0-1

[Event "BCF-ch 88th"]
[Site "Scarborough"]
[Date "2001.07.30"]
[Round "1"]
[White "Kennedy, John"]
[Black "Berry, Neil"]
[Result "1/2-1/2"]
[WhiteElo "2042"]
[BlackElo "2256"]
[PlyCount "85"]
[EventDate "2001.07.30"]
[EventType "swiss"]
[EventRounds "11"]
[EventCountry "ENG"]
[SourceTitle "CBM 083 Extra"]
[Source "ChessBase"]
[SourceDate "2001.09.11"]
[SourceVersion "1"]
[SourceVersionDate "2001.09.11"]
[SourceQuality "1"]

1. Nf3 Nf6 2. g3 g6 3. Bg2 Bg7 4. 0-0 0-0 5. d3 c5 6. e4 Nc6 7. c3 d6 8. Re1 e5 9. a3 b5 10. b4 Rb8 11. Ra2 Be6 12. Rae2 a5 13. d4 Bc4 14. d5 Bxe2 15. Rxe2 Na7 16. bxc5 Ne8 17. Be3 Nc8 18. a4 bxa4 19. Ra2 dxc5 20. Bxc5 Ned6 21. Rxa4 Qc7 22. Ba3 Rd8 23. Nfd2 Nb5 24. c4 Nxa3 25. Nxa3 Bf8 26. Nb5 Qb6 27. Nb3 Nd6 28. Nxd6 Bxd6 29. Nc1 Rdc8 30. Bf1 Bc5 31. Nd3 Bd4 32. Kg2 Kg7 33. c5 Rxc5 34. Nxc5 Qxc5 35. Rc4 Qa7 36. Qf3 Rb6 37. Qd3 Rb2 38. Rc2 Rxc2 39. Qxc2 a4 40. Bc4 a3 41. Ba2 Qc5 42. Qb3 Qc3 43. Qxc3 1/2-1/2

[Event "Kilkenny Norkom op"]
[Site "Kilkenny"]
[Date "2000.11.25"]
[Round "2"]
[White "Kennedy, John"]
[Black "Anderson, John"]
[Result "1/2-1/2"]
[WhiteElo "2019"]
[BlackElo "2161"]
[PlyCount "90"]
[EventDate "2000.11.24"]
[EventType "swiss"]
[EventRounds "6"]
[EventCountry "IRL"]
[SourceTitle "CBM 079 Extra"]
[Source "ChessBase"]
[SourceDate "2001.01.11"]
[SourceVersion "2"]
[SourceVersionDate "2001.01.25"]
[SourceQuality "1"]

1. Nf3 d5 2. g3 g6 3. Bg2 Bg7 4. 0-0 Nf6 5. d3 0-0 6. Nbd2 c5 7. e4 Nc6 8. Qe2 e5 9. Re1 Re8 10. c3 h6 11. Nb3 b6 12. exd5 Nxd5 13. d4 cxd4 14. Nfxd4 Nxd4 15. Nxd4 Bb7 16. Nc2 Qc7 17. Ne3 Nf4 18. gxf4 exf4 19. Qg4 fxe3 20. Bxe3 Bxg2 21. Qxg2 Rad8 22. Rad1 Qc4 23. a3 Qb3 24. Rb1 Rd5 25. Qg4 Red8 26. Qb4 Qc2 27. Qg4 Kh7 28. Rec1 Qb3 29. Qb4 Qxb4 30. axb4 b5 31. Ra1 R8d7 32. Kg2 Be5 33. Rxa7 Rxa7 34. Bxa7 Bf4 35. Rc2 Rg5+ 36. Kh1 Re5 37. Bd4 Re4 38. Kg2 g5 39. b3 Bd6 40. Bc5 Rg4+ 41. Kh1 Bb8 42. c4 Rh4 43. f3 bxc4 44. bxc4 Rh3 45. Rf2 Rh4 1/2-1/2

[Event "Kilkenny Norkom op"]
[Site "Kilkenny"]
[Date "2000.11.25"]
[Round "4"]
[White "Kennedy, John"]
[Black "Hynes, Kilian A"]
[Result "1-0"]
[WhiteElo "2019"]
[BlackElo "2231"]
[PlyCount "43"]
[EventDate "2000.11.24"]
[EventType "swiss"]
[EventRounds "6"]
[EventCountry "IRL"]
[SourceTitle "CBM 079 Extra"]
[Source "ChessBase"]
[SourceDate "2001.01.11"]
[SourceVersion "2"]
[SourceVersionDate "2001.01.25"]
[SourceQuality "1"]

1. Nf3 d5 2. g3 Nf6 3. Bg2 Bg4 4. 0-0 Nbd7 5. d3 e5 6. Nbd2 Bd6 7. e4 c6 8. Qe1 0-0 9. h3 Bh5 10. Nh4 Re8 11. Nf5 Bf8 12. Nf3 a5 13. a3 a4 14. g4 Bg6 15. Nh2 Nc5 16. Ng3 dxe4 17. dxe4 Ne6 18. h4 h6 19. Bf3 Nd4 20. Bd1 Nd7 21. g5 hxg5 22. Bxg5 1-0

[Event "Bunratty Masters"]
[Site "Bunratty"]
[Date "2000.02.13"]
[Round "5"]
[White "Kennedy, John"]
[Black "Cafolla, Peter"]
[Result "1/2-1/2"]
[WhiteElo "2019"]
[BlackElo "2108"]
[PlyCount "78"]
[EventDate "2000.02.11"]
[EventType "swiss"]
[EventRounds "6"]
[EventCountry "IRL"]
[SourceTitle "EXT 2021"]
[Source "ChessBase"]
[SourceDate "2020.10.23"]
[SourceVersion "1"]
[SourceVersionDate "2020.10.23"]
[SourceQuality "1"]

1. Nf3 d5 2. g3 c5 3. Bg2 Nc6 4. 0-0 Nf6 5. d3 e5 6. Nbd2 Be7 7. e4 d4 8. Nc4 Qc7 9. a4 b6 10. Bd2 Bd7 11. b3 0-0 12. Nh4 Rab8 13. g4 Rfe8 14. Nf5 Bxf5 15. exf5 a6 16. g5 Nd7 17. Qg4 b5 18. axb5 axb5 19. Na5 Nxa5 20. Rxa5 c4 21. dxc4 bxc4 22. bxc4 Bb4 23. Bxb4 Rxb4 24. Rfa1 Rb1+ 25. Rxb1 Qxa5 26. g6 f6 27. Bd5+ Kh8 28. Rb7 Qd8 29. gxh7 Re7 30. Qh5 Nb6 31. Rxe7 Qxe7 32. Be6 Na4 33. Qf3 Qe8 34. Qd5 Qf8 35. Qg2 Nc5 36. h4 Qe8 37. Qd5 Qf8 38. Bg8 Qc8 39. Be6 Qf8 1/2-1/2

[Event "Bunratty Masters"]
[Site "Bunratty"]
[Date "2000.02.13"]
[Round "6"]
[White "Kennedy, John"]
[Black "O'Connell, Gerard"]
[Result "0-1"]
[WhiteElo "2019"]
[BlackElo "2175"]
[PlyCount "74"]
[EventDate "2000.02.11"]
[EventType "swiss"]
[EventRounds "6"]
[EventCountry "IRL"]
[SourceTitle "EXT 2021"]
[Source "ChessBase"]
[SourceDate "2020.10.23"]
[SourceVersion "1"]
[SourceVersionDate "2020.10.23"]
[SourceQuality "1"]

1. Nf3 Nf6 2. g3 g6 3. Bg2 Bg7 4. 0-0 0-0 5. d3 c5 6. e4 d6 7. c3 Nc6 8. h3 Bd7 9. Be3 Qc7 10. Kh2 c4 11. Na3 cxd3 12. Qxd3 Rab8 13. Nd4 Ne5 14. Qe2 a6 15. f4 Nc6 16. Nc4 b5 17. Nxc6 Bxc6 18. Na5 Bxe4 19. Bxe4 Nxe4 20. Ba7 Nxc3 21. bxc3 Qxc3 22. Nb3 Rb7 23. Rac1 Qb4 24. Qe3 e5 25. fxe5 Bxe5 26. Bd4 Re7 27. Rf4 Qa3 28. Rh4 Qxa2+ 29. Kh1 Rfe8 30. Qh6 Bxd4 31. Qxh7+ Kf8 32. Rf1 Bg7 33. Nc1 Qd5+ 34. Kg1 Bd4+ 35. Rxd4 Qxd4+ 36. Kg2 Re2+ 37. Nxe2 Rxe2+ 0-1

[Event "Bunratty Masters op"]
[Site "Bunratty"]
[Date "1999.02.19"]
[Round "3"]
[White "Clarke, Thomas M"]
[Black "Kennedy, John"]
[Result "1-0"]
[WhiteElo "2170"]
[BlackElo "2089"]
[PlyCount "65"]
[EventDate "1999.02.18"]
[EventType "swiss"]
[EventRounds "6"]
[EventCountry "IRL"]
[SourceTitle "EXT 2000"]
[Source "ChessBase"]
[SourceDate "1999.11.16"]
[SourceVersion "1"]
[SourceVersionDate "1999.11.16"]
[SourceQuality "1"]

1. d4 c5 2. d5 e5 3. Nc3 d6 4. e4 Nf6 5. f4 Nbd7 6. Nf3 a6 7. fxe5 Nxe5 8. Nxe5 dxe5 9. Be2 b5 10. Bf3 Qd6 11. 0-0 Be7 12. a4 b4 13. Nb1 c4 14. Be3 Bb7 15. Nd2 Rc8 16. b3 cxb3 17. cxb3 Qb8 18. Rc1 0-0 19. Nc4 Bc5 20. Qd2 Bd6 21. Qf2 Nd7 22. Bg4 Rcd8 23. Bxd7 Rxd7 24. Nxd6 Rxd6 25. Qd2 Rg6 26. Qxb4 h6 27. Qe7 Bc8 28. Bc5 Bh3 29. Qxf8+ Qxf8 30. Bxf8 Bxg2 31. Be7 Bxf1+ 32. Kxf1 Rg4 33. d6 1-0

[Event "Bunratty Masters op"]
[Site "Bunratty"]
[Date "1999.02.19"]
[Round "4"]
[White "Kennedy, John"]
[Black "McCarthy, Jim"]
[Result "0-1"]
[WhiteElo "2089"]
[BlackElo "2135"]
[PlyCount "54"]
[EventDate "1999.02.18"]
[EventType "swiss"]
[EventRounds "6"]
[EventCountry "IRL"]
[SourceTitle "EXT 2000"]
[Source "ChessBase"]
[SourceDate "1999.11.16"]
[SourceVersion "1"]
[SourceVersionDate "1999.11.16"]
[SourceQuality "1"]

1. Nf3 Nf6 2. g3 d5 3. Bg2 c6 4. 0-0 Bg4 5. d3 Nbd7 6. Nbd2 e5 7. h3 Bh5 8. e4 dxe4 9. dxe4 Bc5 10. Qe1 0-0 11. Nc4 Re8 12. b4 Bf8 13. Bb2 Bxf3 14. Bxf3 b5 15. Na5 Qb6 16. a3 c5 17. Rb1 cxb4 18. axb4 Rac8 19. Rc1 Rc7 20. Ba3 Rec8 21. Qd2 Rc3 22. Bg4 Rxg3+ 23. Kh2 Rxa3 24. c3 Nxg4+ 25. hxg4 Nf6 26. Qg5 Rcxc3 27. Rxc3 Rxc3 0-1